| 000 | 01722cam a22004694i 4500 | ||
|---|---|---|---|
| 003 | PE-LiUPU | ||
| 005 | 20260408165144.0 | ||
| 008 | 160823s1991 na rb 000 0 eng d | ||
| 020 | _a066425392X | ||
| 020 | _a9780664253929 | ||
| 035 | _a(Sirsi) i9780664253929 | ||
| 040 |
_aE7B _erda _bspa _cPE-LiUPU _dPE-LiUPU |
||
| 082 | 0 | 4 |
_a220.93 _bM825c _220 |
| 100 | 1 |
_aMoorey, Peter R. S., _eautor. _98435 |
|
| 245 | 1 | 2 |
_aA century of biblical archaeology / _cpor P. R. S. Moorey. |
| 264 |
_aLousville, Kentucky : _bWestminster/John Knox Press, _c1991. |
||
| 300 |
_aXVII, 189 páginas ; _c21 cm |
||
| 336 |
_atext _2rdacontent |
||
| 337 |
_aunmediated _2rdamedia |
||
| 338 |
_avolume _2rdacarrier |
||
| 504 | _aBibliografía : páginas 181-183. | ||
| 505 | 0 | _aThe birth of biblical aechacology (1800-1890) -- Excavation and texts: aerly confrontations (1890-1925) -- The golden age of biblical archaeology (1925-1948) -- New nations: new methods (1948-1958) -- The passing of the old order: towards an identity crisis (1958-1974) -- The growing impac of the natural and social sciences (1974-1990). | |
| 526 | _aSEG42 | ||
| 526 | _aSEG41 | ||
| 526 | _aSEG40 | ||
| 526 | _aSEG39 | ||
| 526 | _aP94 | ||
| 526 | _aP87 | ||
| 526 | _aP86 | ||
| 526 | _aP85 | ||
| 526 | _aP77 | ||
| 526 | _aP76 | ||
| 526 | _aP35 | ||
| 630 | 2 | 4 |
_aBiblia. _xAntigüedades _97741 |
| 650 | 1 | 4 |
_aArqueología bíblica _xHistoria _98436 |
| 650 | 1 | 4 |
_aArqueología _zOriente Medio _xHistoria _98437 |
| 650 | 2 | 4 |
_aExcavaciones arqueológicas _zOriente Medio _98431 |
| 910 | _ajck | ||
| 942 |
_2ddc _cBK |
||
| 980 |
_818226 _gJaime Vilcazán Jefe de Análisis Documental |
||
| 999 |
_c12010 _d12010 |
||